00000000nas 2200000zi 4500
0019.936666
003CaOODSP
00520250624103518
006m     o  d f      
007cr cn ||||||||
008240411c20239999oncar p o    f0###a0eng|d
022 |a2819-2532
040 |aCaOODSP|beng|erda|cCaOODSP
043 |an-cn---
0861 |aFs1-96E-PDF
222 0|aEmpowering coastal communities
24500|aEmpowering coastal communities / |cCommunity Hydrography Program, Canadian Hydrographic Service (CHS).
2461 |iAt head of title: |aCommunity hydrography
264 1|a[Ottawa] : |bFisheries and Oceans Canada = Pêches et océans Canada, |c[2024]-
310 |aAnnual
336 |atext|btxt|2rdacontent
337 |acomputer|bc|2rdamedia
338 |aonline resource|bcr|2rdacarrier
3621 |aBegan with: 2023.
500 |aIssued also in French under title: Les communautés prennent les devants.
588 |aDescription based on: 2023; title from PDF cover page.
588 |aLatest issue consulted: 2023.
650 0|aHydrography|zCanada|xCitizen participation|vPeriodicals.
655 7|aPeriodicals|2lcgft
7101 |aCanada. |bDepartment of Fisheries and Oceans, |eissuing body.
7102 |aCommunity Hydrography Program (Canada), |eauthor, |eissuing body.
77508|tLes communautés prennent les devants / |w(CaOODSP)9.936668